Identify the Country from the Oscar-Winning Actors - Statistics

General Stats
  • This quiz has been taken 65 times
  • The average score is 8 of 12
Answer Stats
Hint Country % Correct
Daniel Day-Lewis United Kingdom
97%
Denzel Washington USA
92%
Roberto Benigni Italy
90%
Jean Dujardin France
88%
Javier Bardem Spain
88%
Christoph Waltz Austria
78%
Geoffrey Rush Australia
71%
Barry Fitzgerald Ireland
61%
Yul Brynner Russia
51%
Haing S. Ngor Cambodia
34%
Anthony Quinn Mexico
32%
John Houseman Romania
12%
No matching quizzes found
Score Distribution
Percent of People with Each Score
Percentile by Number Answered
Your Score History
You have not taken this quiz